000 00660nam a22002297a 4500
005 20170124105935.0
010 _a476823
020 _c00.00
035 _a476823
037 _bCen Lib/Ret
040 _aDPL
_bEN
082 _a330.95
_bKIR
100 _aKirby, E. Stuart
_99423
245 _aEconomic development in East Asia /
_cby E. Stuart Kirby
260 _aLondon
_bGeorge Allen and Unwind
_c1967
270 _aRuskin House Museum Street
_bLondon
300 _a253p.
_c20cm(Hb)
500 _aIncludes index
650 _aEast Asia -- Economic conditions
_99424
650 _a East Asia
_99425
942 _2ddc
_cEN
_h330.95
_mKIR
999 _c124122
_d124122